[Event "27th CRO-Cup"]
[Site "Mali Losinj"]
[Date "2018.05.19"]
[Round "5.94"]
[White "Egerc, Josip"]
[Black "Havas, Juraj"]
[Result "0-1"]
[WhiteElo "2066"]
[BlackElo "2028"]
[PlyCount "88"]
[EventDate "2018.05.16"]

1. e4 c5 2. Nf3 Nc6 3. c4 d6 4. h3 Nf6 5. Nc3 g6 6. d3 Bg7 7. Bg5 O-O 8. Qd2
Re8 9. Be2 a6 10. O-O Rb8 11. a4 Nd7 12. Bh6 Bh8 13. Ng5 Nf8 14. f4 f6 15. Nf3
Be6 16. g4 Nd4 17. Nxd4 cxd4 18. Nd1 Bf7 19. Bxf8 Rxf8 20. b4 e5 21. f5 g5 22.
Nf2 Bg7 23. Rfb1 b6 24. Kg2 Qc7 25. Nh1 Rfc8 26. Rc1 Qb7 27. Bd1 Bf8 28. Bb3 b5
29. h4 bxc4 30. hxg5 cxb3 31. gxf6 Rxc1 32. Rxc1 Qxb4 33. Qg5+ Kh8 34. Nf2 Qb7
35. Rh1 Bg8 36. Qh4 b2 37. g5 b1=Q 38. Rxb1 Qxb1 39. g6 Qc1 40. g7+ Bxg7 41.
fxg7+ Kxg7 42. Qe7+ Bf7 43. Qxd6 Qg5+ 44. Kh3 Qh6+ 0-1

[Event "27th CRO-Cup"]
[Site "Mali Losinj"]
[Date "2018.05.19"]
[Round "5.101"]
[White "Zelic, Zdravko"]
[Black "Basrak, Srdjan"]
[Result "1/2-1/2"]
[WhiteElo "2343"]
[BlackElo "2245"]
[PlyCount "91"]
[EventDate "2018.05.16"]

1. e4 c5 2. Nf3 Nc6 3. c3 d5 4. exd5 Qxd5 5. d4 Bg4 6. Be2 e6 7. O-O Nf6 8. Be3
cxd4 9. cxd4 Rd8 10. Nc3 Qd7 11. Qb3 Bd6 12. Rfd1 Nd5 13. Nxd5 exd5 14. Bg5 f6
15. Bh4 Bf4 16. Bg3 Bxg3 17. hxg3 O-O 18. Rac1 Rc8 19. Qa4 Rfe8 20. Bd3 a6 21.
Rc5 Ne7 22. Qc2 g6 23. Re1 Rxc5 24. Qxc5 Kf7 25. Nh2 Be6 26. Qb4 Rc8 27. Nf3
Bf5 28. Bxf5 Nxf5 29. g4 Ne7 30. g5 Nc6 31. Qd2 Re8 32. Rxe8 Qxe8 33. gxf6 Kxf6
34. Qg5+ Ke6 35. Qe3+ Kd7 36. Qb3 Kd6 37. Qxb7 Qe2 38. Qb3 g5 39. Qa3+ Kd7 40.
Qe3 Qxb2 41. Qxg5 Qxa2 42. Qg7+ Kd6 43. Qg3+ Kd7 44. Qg7+ Kd6 45. Qxh7 Nxd4 46.
Nxd4 1/2-1/2

[Event "27th CRO-Cup"]
[Site "Mali Losinj"]
[Date "2018.05.19"]
[Round "5.102"]
[White "Huis, Dinko"]
[Black "Zelic, Branko"]
[Result "0-1"]
[WhiteElo "2158"]
[BlackElo "2242"]
[PlyCount "134"]
[EventDate "2018.05.16"]

1. d4 d5 2. c4 c6 3. Nc3 Nf6 4. Nf3 e6 5. Bg5 Be7 6. Bxf6 Bxf6 7. e3 Nd7 8.
cxd5 exd5 9. Bd3 Nf8 10. h3 Ng6 11. Qc2 Qd6 12. a3 Nh4 13. Nxh4 Bxh4 14. Ne2 g6
15. Ng1 Be6 16. Nf3 Bf6 17. O-O O-O 18. b4 Rac8 19. Qa4 a6 20. Rab1 Kg7 21. Qc2
h5 22. Nd2 Rfe8 23. Nb3 Rc7 24. Nc5 Bc8 25. a4 Bd8 26. Qd2 Rce7 27. Rbe1 b6 28.
Nb3 Bc7 29. f4 g5 30. Re2 gxf4 31. exf4 Rxe2 32. Bxe2 Qg6 33. Rf3 Bf5 34. Kh2
Kf8 35. g3 Qe6 36. Bf1 Qe1 37. Qxe1 Rxe1 38. a5 Be4 39. Rf2 Rb1 40. axb6 Bxb6
41. Nc5 Rxb4 42. Nxe4 dxe4 43. Bxa6 Bxd4 44. Rc2 c5 45. Be2 h4 46. gxh4 f5 47.
Kg2 Ke7 48. h5 Rb1 49. Bf1 Rb8 50. Bc4 Rh8 51. Ra2 Rxh5 52. Ra7+ Kd6 53. Ra6+
Kc7 54. Ra7+ Kb6 55. Rf7 Ka5 56. Be2 Rh8 57. Rxf5 Kb4 58. Rd5 Kc3 59. Rd7 Rg8+
60. Bg4 Ra8 61. Kg3 Ra2 62. f5 Be5+ 63. Kh4 Rf2 64. Kg5 e3 65. Re7 Bd4 66. Kg6
Kd2 67. h4 Rg2 0-1

[Event "27th CRO-Cup"]
[Site "Mali Losinj"]
[Date "2018.05.19"]
[Round "5.103"]
[White "Kurecic, Mladen"]
[Black "Marjancevic, Slavko"]
[Result "1-0"]
[WhiteElo "2042"]
[BlackElo "2023"]
[PlyCount "56"]
[EventDate "2018.05.16"]

1. d4 Nf6 2. Nf3 g6 3. c4 Bg7 4. Nc3 d5 5. cxd5 Nxd5 6. Bd2 O-O 7. e4 Nxc3 8.
Bxc3 c5 9. d5 a6 10. Qc2 Bh6 11. a4 e6 12. Bc4 exd5 13. Bxd5 Qe7 14. Qb3 Nc6
15. O-O Be6 16. Rfe1 Nb4 17. Rad1 Rad8 18. Bxb4 cxb4 19. Rd4 a5 20. Red1 Bg7
21. e5 Bf5 22. Bxf7+ Kh8 23. Rxd8 Rxd8 24. Rxd8+ Qxd8 25. Qd5 Qxd5 26. Bxd5 b6
27. b3 Bg4 28. e6 Bxf3 1-0

[Event "27th CRO-Cup"]
[Site "Mali Losinj"]
[Date "2018.05.19"]
[Round "5.104"]
[White "Bojanic, Borislav"]
[Black "Tretinjak, Dario"]
[Result "1/2-1/2"]
[WhiteElo "1914"]
[BlackElo "1886"]
[PlyCount "126"]
[EventDate "2018.05.16"]

1. d4 Nf6 2. c4 e6 3. Nc3 d5 4. Bg5 Be7 5. e3 O-O 6. Qc2 Nbd7 7. Be2 b6 8. Nf3
Bb7 9. Bd3 h6 10. Bh4 c5 11. O-O Rc8 12. cxd5 Nxd5 13. Bg3 Nb4 14. Qe2 Nxd3 15.
Qxd3 Nf6 16. Rad1 Bxf3 17. gxf3 cxd4 18. Qxd4 Qxd4 19. Rxd4 Rc5 20. Rfd1 Rfc8
21. Kg2 b5 22. a3 a6 23. Bd6 Bxd6 24. Rxd6 R5c6 25. f4 Kf8 26. Rd8+ Ke7 27.
R1d3 R8c7 28. Kf3 Rd7 29. e4 Rxd3+ 30. Rxd3 Nd7 31. h4 h5 32. Ke3 Nb6 33. b3
Nd7 34. Ne2 Nf8 35. f5 exf5 36. exf5 Nd7 37. Kf4 Nf6 38. Kg5 Ne4+ 39. Kf4 Nxf2
40. Re3+ Kd7 41. Kg5 Rd6 42. Kxh5 Rd3 43. Rxd3+ Nxd3 44. Kg5 Ke7 45. Nd4 Kf8
46. h5 f6+ 47. Kh4 Nc5 48. b4 Nb7 49. Ne6+ Kf7 50. Nc7 Ke7 51. Nxa6 Kd7 52. h6
gxh6 53. Kh5 Nd6 54. Kg6 h5 55. Kxf6 h4 56. Nc5+ Ke8 57. Nd3 h3 58. Ke5 Nc4+
59. Kd4 h2 60. Nf2 Nxa3 61. Kd5 Ke7 62. Kc5 Nc2 63. Kxb5 Nxb4 1/2-1/2

[Event "27th CRO-Cup"]
[Site "Mali Losinj"]
[Date "2018.05.19"]
[Round "5.111"]
[White "Matko, Ognjen"]
[Black "Grgurevic, Boris"]
[Result "1-0"]
[WhiteElo "2305"]
[BlackElo "2159"]
[PlyCount "49"]
[EventDate "2018.05.16"]

1. d4 g6 2. c4 Bg7 3. e4 d6 4. Nc3 Nc6 5. Be3 e5 6. dxe5 dxe5 7. Qxd8+ Kxd8 8.
O-O-O+ Nd4 9. f4 Bd7 10. fxe5 c5 11. Nf3 Ne7 12. Nb5 Nec6 13. Nd6 Kc7 14. Nxf7
Rhf8 15. N7g5 h6 16. e6 Bxe6 17. Bxd4 Nxd4 18. Nxd4 Bg4 19. Nde6+ Kc6 20. Nxf8
hxg5 21. Nxg6 Bxd1 22. Kxd1 Re8 23. e5 Bxe5 24. Nxe5+ Rxe5 25. Bd3 1-0

[Event "27th CRO-Cup"]
[Site "Mali Losinj"]
[Date "2018.05.19"]
[Round "5.112"]
[White "Tesla, Miro"]
[Black "Muzina, Marin"]
[Result "0-1"]
[WhiteElo "2137"]
[BlackElo "1944"]
[PlyCount "94"]
[EventDate "2018.05.16"]

1. d4 d5 2. c4 e6 3. g3 Nf6 4. Bg2 c6 5. Nf3 Nbd7 6. O-O Be7 7. Qc2 O-O 8. Rd1
Qc7 9. cxd5 exd5 10. Nc3 Bd6 11. Nh4 Nb6 12. Bg5 Ng4 13. Rac1 h6 14. Bd2 Qe7
15. Nf5 Bxf5 16. Qxf5 Qe6 17. Qxe6 fxe6 18. f3 Nf6 19. e4 e5 20. dxe5 Bxe5 21.
exd5 Nfxd5 22. f4 Bd4+ 23. Kh1 Rad8 24. Nxd5 Nxd5 25. Bxd5+ Rxd5 26. Bc3 Bxc3
27. bxc3 Rfd8 28. Rxd5 cxd5 29. Rd1 Kf7 30. c4 Ke6 31. Kg2 Rd6 32. Kf3 dxc4 33.
Rc1 b5 34. Ke4 Rd2 35. a4 a6 36. axb5 axb5 37. Rb1 Rd5 38. g4 c3 39. f5+ Kd6
40. h4 c2 41. Rc1 Rc5 42. g5 b4 43. f6 gxf6 44. gxh6 b3 45. h7 Rh5 46. Rg1 b2
47. Rg6 Ke7 0-1

[Event "27th CRO-Cup"]
[Site "Mali Losinj"]
[Date "2018.05.19"]
[Round "5.113"]
[White "Horina, Miroslav"]
[Black "Dobrovic, Ante"]
[Result "1-0"]
[WhiteElo "1851"]
[BlackElo "2087"]
[PlyCount "155"]
[EventDate "2018.05.16"]

1. e4 e5 2. Nf3 Nc6 3. Bc4 Nf6 4. d3 d6 5. Ng5 Be6 6. Nxe6 fxe6 7. Bxe6 Qe7 8.
Bh3 g6 9. Nc3 Bg7 10. Bg5 O-O 11. Qd2 Qf7 12. O-O Nh5 13. g3 Nd4 14. Bg2 Ne6
15. Be3 Nhf4 16. f3 Nh5 17. Ne2 c6 18. c3 Qc7 19. Bh3 Rae8 20. f4 exf4 21.
Bxe6+ Rxe6 22. Nxf4 Nxf4 23. Rxf4 Rfe8 24. Raf1 d5 25. Qf2 dxe4 26. Rf7 R6e7
27. Rxe7 Qxe7 28. dxe4 a6 29. Re1 Qe6 30. a3 Qc4 31. Bd4 Rf8 32. Qe3 Bxd4 33.
Qxd4 Qb3 34. Qd2 Qb6+ 35. Kg2 Rd8 36. Qf2 Qb3 37. e5 Qd5+ 38. Kg1 Qd2 39. a4
Qxf2+ 40. Kxf2 Kf7 41. Re2 Ke6 42. Kf3 Rd1 43. a5 c5 44. Ke4 Ra1 45. c4 Rd1 46.
b3 Rd4+ 47. Kf3 g5 48. h3 h5 49. Re3 Rd1 50. h4 gxh4 51. gxh4 Rh1 52. Kg3 Rg1+
53. Kh2 Rg4 54. Kh3 Rf4 55. Rd3 Rf5 56. Rd6+ Kxe5 57. Rb6 Rf3+ 58. Kg2 Rf7 59.
Rh6 Kd4 60. Rxh5 Rc7 61. Rh6 Kc3 62. Rb6 Kb2 63. h5 Rg7+ 64. Kf3 Rg5 65. h6 Rh5
66. Ke4 Kc3 67. Rxb7 Rxh6 68. Kd5 Rh5+ 69. Kc6 Rg5 70. Rb6 Rh5 71. Kb7 Rh8 72.
Kxa6 Ra8+ 73. Kb5 Kxb3 74. a6 Kc3 75. Rb7 Kd4 76. a7 Kc3 77. Kxc5 Rc8+ 78. Kb6
1-0

[Event "27th CRO-Cup"]
[Site "Mali Losinj"]
[Date "2018.05.19"]
[Round "5.114"]
[White "Klisanin, Dragan-Mirko"]
[Black "Crnjakovic, Martin"]
[Result "0-1"]
[WhiteElo "1922"]
[BlackElo "1811"]
[PlyCount "108"]
[EventDate "2018.05.16"]

1. c4 Nf6 2. d4 c5 3. Nf3 cxd4 4. Nxd4 Nc6 5. Nc3 Qb6 6. e3 g6 7. Be2 Bg7 8.
O-O O-O 9. a3 Rd8 10. Na4 Qc7 11. Nb5 Qb8 12. Qc2 d5 13. c5 Bf5 14. Bd3 Ng4 15.
f4 Bxd3 16. Qxd3 d4 17. Qe2 Nxe3 18. Bxe3 dxe3 19. Rad1 Nd4 20. Nxd4 Rxd4 21.
Nc3 Rxf4 22. Qxe3 Rxf1+ 23. Rxf1 Qe5 24. Qf3 Qxc5+ 25. Kh1 Rf8 26. Ne4 Qc6 27.
b4 Kh8 28. Qd3 f5 29. Ng5 h6 30. Nf3 e5 31. b5 Qf6 32. Qd7 Qf7 33. Rd1 e4 34.
Ng1 Kg8 35. g3 Qxd7 36. Rxd7 Rf7 37. Rd8+ Kh7 38. Ne2 g5 39. Re8 Rd7 40. Kg2
Kg6 41. Ra8 b6 42. a4 Kf7 43. h4 Kg6 44. Kf2 Kh5 45. Ke3 Kg4 46. Rg8 Be5 47.
Rg6 Bg7 48. hxg5 hxg5 49. Nf4 Bd4+ 50. Ke2 Kxg3 51. Ne6 g4 52. Nf8 Rg7 53. Rc6
f4 54. Rc4 f3+ 0-1

[Event "27th CRO-Cup"]
[Site "Mali Losinj"]
[Date "2018.05.19"]
[Round "5.121"]
[White "Muskardin, Mario"]
[Black "Popovic, Ivo"]
[Result "1/2-1/2"]
[WhiteElo "2266"]
[BlackElo "2142"]
[PlyCount "52"]
[EventDate "2018.05.16"]

1. Nf3 Nf6 2. c4 g6 3. g3 Bg7 4. Bg2 d6 5. Nc3 O-O 6. O-O c6 7. Rb1 e5 8. d3 h6
9. b4 Re8 10. e4 Nbd7 11. a4 a5 12. bxa5 Qxa5 13. Ba3 Nc5 14. Qc2 Qc7 15. h3
Nh7 16. Rfd1 Ne6 17. Kh2 Nhg5 18. Nxg5 hxg5 19. Bc1 Bf6 20. Be3 Kg7 21. Qd2 Qe7
22. Kg1 Rh8 23. g4 Nf4 24. Bxf4 gxf4 25. f3 Qc7 26. Rb2 Qa5 1/2-1/2

[Event "27th CRO-Cup"]
[Site "Mali Losinj"]
[Date "2018.05.19"]
[Round "5.122"]
[White "Miskovic, Bozo"]
[Black "Tirkajla, Boris"]
[Result "1/2-1/2"]
[WhiteElo "2027"]
[BlackElo "2078"]
[PlyCount "118"]
[EventDate "2018.05.16"]

1. e4 Nf6 2. Nc3 d5 3. exd5 Nxd5 4. Nxd5 Qxd5 5. d4 Nc6 6. c3 e5 7. dxe5 Qxe5+
8. Be2 Bd6 9. Nf3 Qf6 10. Bg5 Qg6 11. O-O O-O 12. Qd2 h6 13. Bh4 Bg4 14. Bg3
Rad8 15. Qc1 Rfe8 16. Nh4 Qh5 17. Bxg4 Qxg4 18. Re1 Bxg3 19. hxg3 Ne5 20. Re3
Re6 21. Qc2 Nc4 22. Rxe6 Qxe6 23. Nf3 Ne5 24. Nd4 Qd5 25. Re1 c5 26. Nb3 Ng4
27. f3 Nf6 28. Qf2 b6 29. Re2 a5 30. Rd2 Qa8 31. Rxd8+ Qxd8 32. Qd2 Qc7 33. Kf2
Nh5 34. f4 g5 35. Qd5 Nxg3 36. fxg5 Qf4+ 37. Qf3 Ne4+ 38. Ke2 Qxf3+ 39. Kxf3
Nxg5+ 40. Kg4 Ne4 41. Kf4 Nd6 42. Ke5 Nc4+ 43. Kd5 Nxb2 44. Nd2 Nd1 45. Kc6
Nxc3 46. Kxb6 Nxa2 47. Kxa5 Nb4 48. Kb5 Nd3 49. g3 Kg7 50. Kc4 Ne5+ 51. Kxc5 f5
52. Kd4 Kf6 53. Ke3 Kg5 54. Kf2 Kg4 55. Kg2 h5 56. Nf1 Nd3 57. Nh2+ Kg5 58.
Nf3+ Kf6 59. Kh3 Nf2+ 1/2-1/2

[Event "27th CRO-Cup"]
[Site "Mali Losinj"]
[Date "2018.05.19"]
[Round "5.123"]
[White "Oljaca, Manuel"]
[Black "Cecuk, Marijo"]
[Result "0-1"]
[WhiteElo "1981"]
[BlackElo "2037"]
[PlyCount "70"]
[EventDate "2018.05.16"]

1. d4 d5 2. c4 Nf6 3. Nc3 e6 4. e3 a6 5. a4 c6 6. Nf3 Bd6 7. Bd3 dxc4 8. Bxc4
Nbd7 9. O-O O-O 10. e4 e5 11. Bg5 h6 12. Bh4 Qc7 13. Rc1 Qb8 14. Bxf6 Nxf6 15.
dxe5 Bxe5 16. Nxe5 Qxe5 17. Bd3 Ng4 18. g3 Qh5 19. h4 g5 20. Be2 gxh4 21. Bxg4
Bxg4 22. f3 hxg3 23. Qe2 Bh3 24. Rfe1 Qc5+ 25. Qe3 Qxe3+ 26. Rxe3 h5 27. Ne2 h4
28. Nf4 Be6 29. Kg2 Kg7 30. Rd1 Rad8 31. Rh1 Rd2+ 32. Re2 Rxe2+ 33. Nxe2 Rd8
34. Rxh4 Rd2 35. Kf1 g2+ 0-1

[Event "27th CRO-Cup"]
[Site "Mali Losinj"]
[Date "2018.05.19"]
[Round "5.124"]
[White "Saric, Branko"]
[Black "Grego, Ludvig"]
[Result "1/2-1/2"]
[WhiteElo "1865"]
[BlackElo "1892"]
[PlyCount "60"]
[EventDate "2018.05.16"]

1. d4 Nf6 2. c4 g6 3. Nc3 d5 4. e3 Bg7 5. Nf3 O-O 6. Qc2 c5 7. dxc5 Qa5 8. Bd2
Qxc5 9. cxd5 Nxd5 10. Rc1 Nxc3 11. Bxc3 Bxc3+ 12. Qxc3 Qxc3+ 13. Rxc3 Nc6 14.
Bb5 Bd7 15. O-O a6 16. Ba4 b5 17. Bb3 Rac8 18. Rfc1 e6 19. Rd1 Rfd8 20. Kf1 Kf8
21. Ng5 h6 22. Ne4 Ke7 23. Nc5 Nb8 24. Rdc1 Rc7 25. Nxd7 Rxc3 26. Rxc3 Rxd7 27.
Rc8 Rd8 28. Rc7+ Rd7 29. Rc8 Rd8 30. Rc7+ Rd7 1/2-1/2

[Event "27th CRO-Cup"]
[Site "Mali Losinj"]
[Date "2018.05.19"]
[Round "5.131"]
[White "Mrdja, Milan"]
[Black "Mufic, Goran"]
[Result "1/2-1/2"]
[WhiteElo "2296"]
[BlackElo "2288"]
[PlyCount "20"]
[EventDate "2018.05.16"]

1. e4 c6 2. d3 d5 3. Nd2 g6 4. Ngf3 Bg7 5. Be2 Bg4 6. O-O e6 7. c3 Ne7 8. Re1
O-O 9. Bf1 Nd7 10. Qc2 a5 1/2-1/2

[Event "27th CRO-Cup"]
[Site "Mali Losinj"]
[Date "2018.05.19"]
[Round "5.132"]
[White "Safar, Sandro"]
[Black "Cupic, Lovro"]
[Result "1/2-1/2"]
[WhiteElo "2235"]
[BlackElo "2231"]
[PlyCount "48"]
[EventDate "2018.05.16"]

1. d4 Nf6 2. Bf4 e6 3. e3 c5 4. Nd2 cxd4 5. exd4 Nd5 6. Bg3 f5 7. Ngf3 Be7 8.
c4 Nf6 9. Bd3 d6 10. O-O Nh5 11. Qe2 g6 12. h3 Nxg3 13. fxg3 O-O 14. b4 Bf6 15.
Nb3 b6 16. Rad1 Qc7 17. c5 dxc5 18. dxc5 Kg7 19. g4 h6 20. Nfd4 bxc5 21. Nxe6+
Bxe6 22. Qxe6 cxb4 23. gxf5 Nd7 24. fxg6 Rae8 1/2-1/2

[Event "27th CRO-Cup"]
[Site "Mali Losinj"]
[Date "2018.05.19"]
[Round "5.133"]
[White "Skare, Nenad"]
[Black "Tomulic, Teo"]
[Result "0-1"]
[WhiteElo "2150"]
[BlackElo "2273"]
[PlyCount "58"]
[EventDate "2018.05.16"]

1. d4 Nf6 2. Nc3 d5 3. Bg5 Nbd7 4. Qd3 c6 5. O-O-O b5 6. f3 Qa5 7. Bd2 b4 8.
Nb1 c5 9. dxc5 e5 10. e4 dxe4 11. Qb5 Qxb5 12. Bxb5 Bxc5 13. fxe4 Rb8 14. Bxd7+
Bxd7 15. Nf3 Ng4 16. Rde1 f6 17. a3 a5 18. axb4 axb4 19. h3 Nf2 20. Rhf1 Bb5
21. Rg1 b3 22. Be3 bxc2 23. Bxc5 cxb1=Q+ 24. Kxb1 Nd3 25. b4 Nxe1 26. Rxe1 Kf7
27. Kb2 Rhd8 28. Rc1 g6 29. Rc3 Ke6 0-1

[Event "27th CRO-Cup"]
[Site "Mali Losinj"]
[Date "2018.05.19"]
[Round "5.134"]
[White "Zekic, Patrik"]
[Black "Gujic, Vladimir"]
[Result "0-1"]
[WhiteElo "1525"]
[BlackElo "2073"]
[PlyCount "48"]
[EventDate "2018.05.16"]

1. d4 d6 2. Nf3 Nf6 3. c4 Nbd7 4. Nc3 e5 5. e4 Be7 6. Be2 O-O 7. h3 exd4 8.
Nxd4 Nc5 9. Qc2 a5 10. Be3 Re8 11. O-O-O Bf8 12. f3 g6 13. Qd2 Bg7 14. Bg5 c6
15. h4 a4 16. h5 Qa5 17. hxg6 fxg6 18. Bxf6 Bxf6 19. Qh6 Re7 20. Nf5 Bxf5 21.
exf5 Bxc3 22. fxg6 Bxb2+ 23. Kb1 Bc3 24. gxh7+ Kh8 0-1

[Event "27th CRO-Cup"]
[Site "Mali Losinj"]
[Date "2018.05.19"]
[Round "5.143"]
[White "Muraja, Zeljko"]
[Black "Hanjs, Vladimir"]
[Result "1/2-1/2"]
[WhiteElo "1722"]
[BlackElo "1796"]
[PlyCount "22"]
[EventDate "2018.05.16"]

1. d4 d5 2. Nf3 Nf6 3. Nbd2 e6 4. c4 c6 5. g3 Be7 6. Bg2 O-O 7. O-O Nbd7 8. Re1
b6 9. a3 Bb7 10. b4 Rc8 11. cxd5 cxd5 1/2-1/2

[Event "27th CRO-Cup"]
[Site "Mali Losinj"]
[Date "2018.05.20"]
[Round "6.12"]
[White "Stevic, Hrvoje"]
[Black "Plenkovic, Zdenko"]
[Result "1/2-1/2"]
[WhiteElo "2588"]
[BlackElo "2403"]
[PlyCount "21"]
[EventDate "2018.05.16"]

1. Nf3 Nf6 2. g3 d5 3. Bg2 c6 4. O-O Bg4 5. d3 Nbd7 6. h3 Bxf3 7. Bxf3 e5 8.
Bg2 Bc5 9. c4 dxc4 10. dxc4 O-O 11. Nc3 1/2-1/2

[Event "27th CRO-Cup"]
[Site "Mali Losinj"]
[Date "2018.05.20"]
[Round "6.22"]
[White "Muha, Miljenko"]
[Black "Markus, Robert"]
[Result "0-1"]
[WhiteElo "2384"]
[BlackElo "2603"]
[PlyCount "76"]
[EventDate "2018.05.16"]

1. d4 Nf6 2. c4 d6 3. Nc3 g6 4. e4 Bg7 5. Be2 O-O 6. Nf3 c5 7. O-O Nc6 8. d5
Na5 9. Bg5 e5 10. Ne1 Bd7 11. Qd2 Kh8 12. b3 Qc7 13. Bh6 Bxh6 14. Qxh6 Rae8 15.
f4 Ng8 16. Qh4 exf4 17. Nd3 f6 18. Qxf4 b6 19. Bg4 a6 20. Bxd7 Qxd7 21. Qh4 Qg7
22. Qg3 Nb7 23. Rae1 Nh6 24. Rf3 f5 25. Nf2 f4 26. Qh3 Nd8 27. Ng4 Nxg4 28.
Qxg4 Nf7 29. Qd7 Qd4+ 30. Kf1 Ne5 31. Qh3 Nxf3 32. Qxf3 Re7 33. g4 Qf6 34. Ke2
b5 35. cxb5 axb5 36. Kd3 b4 37. Ne2 Qb2 38. Kc4 Qxa2 0-1

[Event "27th CRO-Cup"]
[Site "Mali Losinj"]
[Date "2018.05.20"]
[Round "6.23"]
[White "Kuljasevic, Davorin"]
[Black "Rade, Miroslav"]
[Result "1-0"]
[WhiteElo "2534"]
[BlackElo "2411"]
[PlyCount "67"]
[EventDate "2018.05.16"]

1. d4 Nf6 2. c4 e6 3. Nf3 d5 4. Nc3 Bb4 5. cxd5 exd5 6. Qa4+ Nc6 7. Bg5 h6 8.
Bxf6 Qxf6 9. e3 O-O 10. Be2 Rd8 11. O-O a6 12. Rfc1 Be6 13. Qd1 Ne7 14. Na4 c6
15. a3 Bd6 16. b4 Bg4 17. Nc5 Ra7 18. Nd2 Bxe2 19. Qxe2 Nf5 20. Qd3 g6 21. Rab1
Kg7 22. Nf3 h5 23. e4 dxe4 24. Nxe4 Qe6 25. Re1 Be7 26. Ng3 Qf6 27. Nxf5+ gxf5
28. Re5 Rd5 29. Rbe1 Bd6 30. Rxd5 cxd5 31. g3 f4 32. Nh4 Kf8 33. Qh7 Ra8 34.
Qxh5 1-0

[Event "27th CRO-Cup"]
[Site "Mali Losinj"]
[Date "2018.05.20"]
[Round "6.24"]
[White "Doric, Darko"]
[Black "Jovanic, Ognjen"]
[Result "1/2-1/2"]
[WhiteElo "2463"]
[BlackElo "2513"]
[PlyCount "239"]
[EventDate "2018.05.16"]

1. d4 d5 2. Nf3 Nf6 3. Bf4 e6 4. e3 c5 5. c3 Nc6 6. Nbd2 Be7 7. Bd3 Nh5 8. Be5
Nxe5 9. Nxe5 Nf6 10. O-O Nd7 11. f4 g6 12. Ndf3 O-O 13. g4 f6 14. Nxd7 Bxd7 15.
Qc2 Kg7 16. Qg2 Rc8 17. h4 Bd6 18. g5 f5 19. h5 cxd4 20. cxd4 Qa5 21. a3 Qb6
22. Qe2 a6 23. Kf2 gxh5 24. Rh1 Be8 25. Rab1 Bg6 26. Nd2 Rh8 27. Rh4 Rcg8 28.
Rg1 Kf7 29. Nf3 Ke7 30. Rhh1 Kd7 31. Qd2 Be8 32. Be2 Bf7 33. Ne1 h6 34. Bxh5
Bxh5 35. Rxh5 hxg5 36. Rgxg5 Qd8 37. Rxh8 Rxh8 38. Rg7+ Kc8 39. Nf3 Kb8 40. Qd1
Qb6 41. b4 Qc6 42. Rg6 Be7 43. Qe2 Qe8 44. Rg7 Bf6 45. Rg2 Bh4+ 46. Kg1 Be7 47.
Ne5 Bd6 48. Nd3 Qa4 49. Nc5 Bxc5 50. bxc5 Qxa3 51. Kf2 Qc1 52. Qe1 Qc2+ 53. Qe2
Qe4 54. Qb2 Qd3 55. Qe2 Qc3 56. Qe1 Qb3 57. Qc1 Qb5 58. Kg1 Qe8 59. Kf2 Rg8 60.
Rg5 Rh8 61. Qg1 Ka7 62. Qb1 Qc6 63. Rg7 Rc8 64. Qb4 Qb5 65. Qxb5 axb5 66. Ke2
Ka6 67. Kd3 b6 68. Re7 Rc6 69. Re8 b4 70. Ra8+ Kb7 71. Ra4 bxc5 72. dxc5 Rxc5
73. Rxb4+ Kc6 74. Rb8 Kd6 75. Re8 Rc4 76. Ra8 Re4 77. Ra6+ Ke7 78. Ra7+ Kf6 79.
Ra6 Kf7 80. Ra7+ Kg6 81. Rd7 Kf6 82. Ke2 Kg6 83. Kf3 Kf6 84. Ke2 Ra4 85. Kf3
Ra2 86. Kg3 Rb2 87. Kf3 Rb1 88. Kf2 Rb8 89. Kf3 Rf8 90. Ra7 Rd8 91. Ra4 Rd7 92.
Rb4 Ra7 93. Rb6 Ke7 94. Ke2 Kd7 95. Kf3 Rc7 96. Ra6 Rc6 97. Ra4 Kd6 98. Ra5 Rb6
99. Ra8 Kc5 100. Ke2 Rb2+ 101. Kf3 Rb6 102. Ke2 Rc6 103. Kd3 Kd6 104. Ra7 Rb6
105. Ke2 Rb4 106. Ra6+ Kd7 107. Ra7+ Kc6 108. Ra6+ Rb6 109. Ra5 Kd6 110. Ra8
Rb3 111. Ra6+ Ke7 112. Ra7+ Kf6 113. Rd7 Rb4 114. Kf3 Kg6 115. Re7 Re4 116. Rd7
Kf6 117. Ke2 e5 118. Rd6+ Ke7 119. Rxd5 exf4 120. Rxf5 1/2-1/2

[Event "27th CRO-Cup"]
[Site "Mali Losinj"]
[Date "2018.05.20"]
[Round "6.31"]
[White "Bosiocic, Marin"]
[Black "Saric, Ibro"]
[Result "1-0"]
[WhiteElo "2597"]
[BlackElo "2554"]
[PlyCount "115"]
[EventDate "2018.05.16"]

1. e4 e5 2. Nf3 Nc6 3. Bb5 a6 4. Ba4 Nf6 5. O-O Be7 6. Re1 b5 7. Bb3 d6 8. c3
O-O 9. h3 Na5 10. Bc2 c5 11. d4 Nd7 12. a4 Bb7 13. d5 c4 14. Be3 Bc8 15. axb5
axb5 16. Nbd2 Nb6 17. Qe2 Bd7 18. Ra3 Na4 19. Rb1 Qc7 20. g4 Ra6 21. Kh2 Rfa8
22. Nf1 Nc5 23. N3d2 Nab7 24. Rxa6 Rxa6 25. Ng3 Qd8 26. Nf3 Ra2 27. Nf5 Bf8 28.
Nd2 Qa8 29. f4 Na4 30. Bxa4 Qxa4 31. Nf3 f6 32. g5 Bxf5 33. exf5 Ra1 34. Rxa1
Qxa1 35. Qg2 Be7 36. g6 h6 37. Qc2 Qf1 38. Kg3 Bd8 39. Bf2 Bc7 40. Qe4 Qd1 41.
Kg2 Na5 42. fxe5 dxe5 43. Bc5 Qd3 44. Qxd3 cxd3 45. Nd2 Nc4 46. Nxc4 bxc4 47.
Kf2 e4 48. d6 Bd8 49. Be3 Kf8 50. Ke1 h5 51. Kd1 Ke8 52. Kc1 Kd7 53. Bh6 e3 54.
Bxg7 e2 55. Kd2 Bb6 56. Ke1 Be3 57. Bxf6 Bf4 58. Bh4 1-0

[Event "27th CRO-Cup"]
[Site "Mali Losinj"]
[Date "2018.05.20"]
[Round "6.32"]
[White "Saric, Ante"]
[Black "Tica, Sven"]
[Result "1-0"]
[WhiteElo "2535"]
[BlackElo "2444"]
[PlyCount "79"]
[EventDate "2018.05.16"]

1. Nf3 d5 2. g3 Nf6 3. Bg2 e6 4. O-O Be7 5. c4 O-O 6. d4 Nbd7 7. b3 c6 8. Bb2
b6 9. Nbd2 Bb7 10. e3 c5 11. Qe2 Rc8 12. Rac1 Rc7 13. cxd5 exd5 14. Rfd1 Qc8
15. Ne5 Rd8 16. Nxd7 Qxd7 17. dxc5 bxc5 18. Bxf6 Bxf6 19. Ne4 Be7 20. Nc3 Qe6
21. Qd2 Rcd7 22. Ne2 Qb6 23. Qc2 d4 24. exd4 cxd4 25. Nf4 d3 26. Rxd3 Rxd3 27.
Nxd3 Ba6 28. Nf4 Rc8 29. Qxc8+ Bxc8 30. Nd5 Qd6 31. Nxe7+ Kf8 32. Nxc8 Qd2 33.
Rc7 Qxa2 34. Bd5 Qa1+ 35. Kg2 Qd4 36. Rxf7+ Ke8 37. Nd6+ Kd8 38. Nb7+ Ke8 39.
Nd6+ Kd8 40. Bc6 1-0

[Event "27th CRO-Cup"]
[Site "Mali Losinj"]
[Date "2018.05.20"]
[Round "6.33"]
[White "Golubovic, Boris"]
[Black "Plenca, Julijan"]
[Result "1/2-1/2"]
[WhiteElo "2386"]
[BlackElo "2413"]
[PlyCount "67"]
[EventDate "2018.05.16"]

1. d4 Nf6 2. Nf3 g6 3. Bf4 Bg7 4. e3 d6 5. h3 O-O 6. Be2 c5 7. c3 b6 8. O-O Bb7
9. a4 a6 10. Bh2 Nbd7 11. Re1 Ra7 12. Nbd2 Qa8 13. Bd3 Ne4 14. Nxe4 Bxe4 15.
Bxe4 Qxe4 16. Nd2 Qa8 17. Qe2 Rc8 18. Qd3 Rac7 19. Bg3 Qb7 20. Nf3 b5 21. axb5
axb5 22. e4 cxd4 23. cxd4 e5 24. Ra5 Rc4 25. b3 Rc3 26. Qxb5 Qc7 27. Ra6 Rb8
28. Qd5 Nb6 29. Qa5 exd4 30. e5 dxe5 31. Nxe5 Rc5 32. Nd3 Rxa5 33. Bxc7 Rxa6
34. Bxb8 1/2-1/2

[Event "27th CRO-Cup"]
[Site "Mali Losinj"]
[Date "2018.05.20"]
[Round "6.34"]
[White "Bobanac, Miro"]
[Black "Petrov, Jole"]
[Result "1/2-1/2"]
[WhiteElo "2276"]
[BlackElo "2408"]
[PlyCount "121"]
[EventDate "2018.05.16"]

1. c4 c6 2. Nf3 d5 3. e3 Nf6 4. b3 Bf5 5. Bb2 e6 6. Be2 h6 7. O-O Nbd7 8. d4
Be7 9. Nbd2 O-O 10. Ne5 Nxe5 11. dxe5 Nd7 12. f4 f6 13. Nf3 fxe5 14. Nxe5 Nxe5
15. Bxe5 Bf6 16. Qd4 Bxe5 17. Qxe5 Qf6 18. Qxf6 gxf6 19. Rfd1 Rfd8 20. Bf3 Kf7
21. Kf2 Ke7 22. Ke2 dxc4 23. bxc4 e5 24. a3 e4 25. Bh5 Be6 26. c5 b6 27. Rxd8
Rxd8 28. Rd1 Rg8 29. g3 bxc5 30. Rb1 Bc4+ 31. Ke1 Ba6 32. Be2 Bxe2 33. Rb7+ Ke6
34. Kxe2 f5 35. Rh7 Rb8 36. Rxh6+ Kd5 37. h3 Rb2+ 38. Kd1 Kc4 39. g4 Kd3 40.
Kc1 Rc2+ 41. Kb1 Rf2 42. gxf5 Kxe3 43. Rxc6 Rxf4 44. Rxc5 Kf3 45. Kc1 e3 46.
Re5 e2 47. Kd2 Rd4+ 48. Kc3 Rd1 49. f6 e1=Q+ 50. Rxe1 Rxe1 51. f7 Rc1+ 52. Kd4
Rc8 53. Ke5 Kg3 54. Ke6 Kxh3 55. Ke7 Kg4 56. f8=Q Rxf8 57. Kxf8 Kf5 58. Ke7 Ke5
59. Kd7 Kd5 60. Kc7 Kc5 61. Kb7 1/2-1/2